| 000 | 00644nam a2200241Ia 4500 | ||
|---|---|---|---|
| 003 | OSt | ||
| 005 | 20221005120502.0 | ||
| 006 | a|||||r|||| 00| 0 | ||
| 007 | ta | ||
| 008 | 221004b |||||||| |||| 00| 0 urd d | ||
| 020 |
_a9789380934945 (hbk) _c150.00 |
||
| 024 | _a7515 | ||
| 037 |
_bGift, 25/10/2013, _cTextual |
||
| 040 |
_aCRL _cCRL _burd |
||
| 041 |
_2urd _aurd |
||
| 082 | _aO168,1N32x, Q3 | ||
| 100 |
_aShadani Hasrat _9629218 |
||
| 245 | 0 | _aEjaz-e-junoon | |
| 260 | _c2013 | ||
| 650 | _aURDU POETRY | ||
| 942 |
_hO168,1N32x, Q3 _cTEXL _2cc |
||
| 999 |
_c1038217 _d1038217 |
||